• 首页
  • 本馆介绍
  • 公告通知
  • 最新文献
  • 馆藏检索
  • 电子资源
  • 读者导购
  • 参考咨询
  • 我的图书馆
  • 登录
  • 详细信息显示
  • 放入我的书架
  • 预约/预借图书
  • 作者相关作品
  • 分类相关作品
  • 丛书相关作品
  • 出版社相关作品

书目信息

  • 表格格式
  • 工作单格式
  • 卡片格式
题名:
沼气提纯技术原理与应用
    
 
作者: 李子富 , 程世昆 , 郑蕾 编著
分册:  
出版信息: 北京   中国环境出版集团  2018.07
页数: 182页
开本: 26cm
丛书名:
单 册:
中图分类: S216.4
科图分类:
主题词: 沼气--zhao qi--提纯
电子资源:
ISBN: 978-7-5111-2849-2
000 01161nam0 2200253 450
001 0109110143
005 20201109110337.0
010    @a978-7-5111-2849-2@dCNY39.00
100    @a20200713d2018 em y0chiy50 ea
101 0  @achi
102    @aCN@b110000
105    @aa z 000yy
106    @ar
200 1  @a沼气提纯技术原理与应用@Azhao qi ti chun ji shu yuan li yu ying yong@f李子富, 程世昆, 郑蕾编著
210    @a北京@c中国环境出版集团@d2018.07
215    @a182页@c图,照片@d26cm
330    @a本书介绍了各种沼气提纯技术,包括水洗、化学吸收、变压吸附、低温深冷技术和膜分离技术等。全书共9章,第1章介绍了沼气特性和利用方式;第2章介绍了沼气提纯预处理技术,包括脱水和脱硫技术;第3章到第7章分别介绍了几种主要的沼气提纯技术,分别为压力水洗法提纯技术、化学吸收法提纯技术、变压吸附技术、膜分离法提纯技术和低温提纯技术;第8章介绍了一些特殊的或者是新型的沼气提纯技术;第9章针对各种沼气提纯技术的发展,进行了应用现状分析和展望。
606 0  @a沼气@Azhao qi@x提纯
690    @aS216.4@v5
701  0 @a李子富@Ali zi fu@4编著
701  0 @a程世昆@Acheng shi kun@4编著
701  0 @a郑蕾@Azheng lei@4编著
801  0 @aCN@bBJSZM@c20201103
905    @b1213737-8@dS216.4@e65@f2
    
    沼气提纯技术原理与应用/李子富, 程世昆, 郑蕾编著.-北京:中国环境出版集团,2018.07
    182页:图,照片;26cm
    
    
    ISBN 978-7-5111-2849-2:CNY39.00
    本书介绍了各种沼气提纯技术,包括水洗、化学吸收、变压吸附、低温深冷技术和膜分离技术等。全书共9章,第1章介绍了沼气特性和利用方式;第2章介绍了沼气提纯预处理技术,包括脱水和脱硫技术;第3章到第7章分别介绍了几种主要的沼气提纯技术,分别为压力水洗法提纯技术、化学吸收法提纯技术、变压吸附技术、膜分离法提纯技术和低温提纯技术;第8章介绍了一些特殊的或者是新型的沼气提纯技术;第9章针对各种沼气提纯技术的发展,进行了应用现状分析和展望。
●
相关链接 在E读中查询图书 在五车中查询图书 在当当中查询图书 在豆瓣中查询图书


正题名:沼气提纯技术原理与应用     索取号:S216.4/65         预约/预借

序号 登录号 条形码 馆藏地/架位号 状态 备注
1 1213737   212137374   第二样本阅览室/ [索取号:S216.4/65] 在馆    
2 1213738   212137383   第三借阅区/ [索取号:S216.4/65] 在馆    
唐山师范学院图书馆 欢迎您!
大连网信软件有限公司© 版权所有